00993nam a2200205 a 450000100100000000500170001000800410002704000250006808200160009310000330010924500530014226000610019530000200025650201410027604900090041795201140042695201150054095201150065599900170077000003453020200930073742.0111005s1902 dr 000 0 spa d aDO-SdBNPbspacBNPHU axxxxbC352d1 aCastillo L., Pelegrin95996613aEl divorcio es de orden público internacional. aSanto Domingo :bImprenta "La Cuna de América",c1902. a40 p. ;c23 cm. aTesis para obtener el título de Licenciatura en Derecho en el Instituto Profesional de la República Dominicana, Falcultad de Derecho aBNPD 0010718PDaPDbPDcCTd2011-10-05iLF1l0oxxxx C352dp34530-10r2020-06-25w2020-06-25yLFPDZNo se presta 00107-18PDaGRbGRcOId2011-10-05iLF1l0oxxxx C352dp34531-10r2020-06-25w2020-06-25yLFPDZNo se presta 00107-18PDaGRbGRcOId2011-10-05iLF1l0oxxxx C352dp34532-10r2020-06-25w2020-06-25yLFPDZNo se presta c34021d34021